La Realidad de la pobreza y la búsqueda de soluciones /

محفوظ في:
التفاصيل البيبلوغرافية
المؤلف الرئيسي: Boltvinijk, Julio
التنسيق: نص
الموضوعات:
الوسوم: إضافة وسم
لا توجد وسوم, كن أول من يضع وسما على هذه التسجيلة!

MARC

LEADER 00000 a a2200000 04500
001 3555
003
040
100 |a Boltvinijk, Julio  
245 |a La Realidad de la pobreza y la búsqueda de soluciones /  |c Julio Boltvinijk 
650 |a POBREZA  
650 |a ALIVIO DE LA POBREZA  
650 |a MEDIO AMBIENTE  
650 |a NEOLIBERALISMO  
650 |a DESIGUALDAD ECONOMICA  
650 |a AMERICA LATINA  
773 |g volumen 53, número 6; páginas 504-508  
999 |c 28888  |d 28888